00422nam a22001457a 450000500170000000800410001702000180005805000150007610000190009124500670011025000120017726000530018930000210024265000130026320250325104054.0250325b |||||||| |||| 00| 0 eng d a9788125916154 aLC2611 AGG aAggarwal J. C. aTeacher and Education in a Developing Society cJ. C. Aggarwal a4th Ed. aNew DelhibVikas Publishing House PVT Ltd.c2004 axv. 572p.c17 cm 2Learning